000 00292nam a22001337a 4500
008 170508b xxu||||| |||| 00| 0 eng d
020 _a978041510475334
041 _aeng
080 _a34
100 _a14
101 _aSHJ
245 _aPRACTICE DIPLOMACI
_cHAMILTON.K
942 _2udc
_cBK
999 _c12957
_d12957